<?xml version="1.0" encoding="UTF-8"?>
<record
    xmlns:xsi="http://www.w3.org/2001/XMLSchema-instance"
    xsi:schemaLocation="http://www.loc.gov/MARC21/slim http://www.loc.gov/standards/marcxml/schema/MARC21slim.xsd"
    xmlns="http://www.loc.gov/MARC21/slim">

  <leader>00703nam a22001937a 4500</leader>
  <datafield tag="010" ind1=" " ind2=" ">
    <subfield code="a">ENG-139626</subfield>
  </datafield>
  <datafield tag="020" ind1=" " ind2=" ">
    <subfield code="a">9788183713320(Vol. 1)</subfield>
    <subfield code="c">325.00</subfield>
  </datafield>
  <datafield tag="035" ind1=" " ind2=" ">
    <subfield code="a">EN-123158</subfield>
  </datafield>
  <datafield tag="037" ind1=" " ind2=" ">
    <subfield code="b">DBAD/PUB</subfield>
  </datafield>
  <datafield tag="082" ind1=" " ind2=" ">
    <subfield code="a">510</subfield>
  </datafield>
  <datafield tag="100" ind1=" " ind2=" ">
    <subfield code="a">Krishna,M,Venkata</subfield>
    <subfield code="9">64380</subfield>
  </datafield>
  <datafield tag="245" ind1=" " ind2=" ">
    <subfield code="a">Text Book of B.Sc Mathematics/</subfield>
    <subfield code="c">By M. Venkata Krishna [and] G. Shanker Rao</subfield>
  </datafield>
  <datafield tag="260" ind1=" " ind2=" ">
    <subfield code="a">Hyderabad</subfield>
    <subfield code="b">M. R. Purushothaman for Scitech Publications(India) Pvt. Ltd.</subfield>
    <subfield code="c">2011</subfield>
  </datafield>
  <datafield tag="270" ind1=" " ind2=" ">
    <subfield code="a">3-4-249/1, Beside Venkataramana Theatre Lane , Street No.2 , Lingampally, kachiguda,</subfield>
    <subfield code="b">Hyderabad</subfield>
    <subfield code="e">500027</subfield>
  </datafield>
  <datafield tag="300" ind1=" " ind2=" ">
    <subfield code="a">various p.</subfield>
    <subfield code="c">23cm(PBK)</subfield>
  </datafield>
  <datafield tag="490" ind1=" " ind2=" ">
    <subfield code="v">Vol. 1</subfield>
  </datafield>
  <datafield tag="700" ind1=" " ind2=" ">
    <subfield code="a">Rao, G. Shanker</subfield>
    <subfield code="9">63031</subfield>
  </datafield>
  <datafield tag="942" ind1=" " ind2=" ">
    <subfield code="2">ddc</subfield>
    <subfield code="m">KRI</subfield>
    <subfield code="c">EN</subfield>
    <subfield code="h">510</subfield>
  </datafield>
  <datafield tag="999" ind1=" " ind2=" ">
    <subfield code="c">201351</subfield>
    <subfield code="d">201351</subfield>
  </datafield>
  <datafield tag="952" ind1=" " ind2=" ">
    <subfield code="0">0</subfield>
    <subfield code="1">0</subfield>
    <subfield code="4">0</subfield>
    <subfield code="7">0</subfield>
    <subfield code="8">NFIC</subfield>
    <subfield code="a">BN</subfield>
    <subfield code="b">BN</subfield>
    <subfield code="d">2024-03-11</subfield>
    <subfield code="e">DBAD</subfield>
    <subfield code="g">325.00</subfield>
    <subfield code="l">0</subfield>
    <subfield code="o">KRI 510</subfield>
    <subfield code="p">EN-123158</subfield>
    <subfield code="r">2024-03-11 00:00:00</subfield>
    <subfield code="t">1</subfield>
    <subfield code="v">325.00</subfield>
    <subfield code="w">2024-03-11</subfield>
    <subfield code="y">EN</subfield>
  </datafield>
</record>
